Cisco (رقم التسجيلة. 543)

تفاصيل مارك
000 -الفاتح
حقل البيانات ثابتة الطول 00736cam a2200265 a 4500
001 - رقم الضبط
رقم الضبط 48883237
003 - محدد رقم الضبط
رقم الضبط OSt
005 - وقت وتاريخ اخر تعامل مع التسجيلة
رقم الضبط 20150408113721.0
008 - عناصر البيانات ثابتة الطول - معلومات عامة
حقل البيانات ثابتة الطول 020123s2002 caua 001 0 eng c
015 ## - رقم الببليوجرافية الوطنية
رقم الببليوجرافية الوطنية GBA2-Z2240
020 ## - الرقم الدولى المعيارى للكتب
الرقم الدولى المعيارى للكتاب 0072192801
035 ## - رقم ضبط النظام
رقم ضبط النظام .o282050x
040 ## - مصدر الفهرسة
وكالة الفهرسة الأصلية UKM
وكالة النسخ UKM
وكالة التعديل TXA
-- WSU
042 ## - رمز التحقق
رمز التحقق pcc
050 #4 - رقم طلب مكتبة الكونجرس
رقم التصنيف TK5105.5
رقم المادة .H538 2002
082 04 - رقم تصنيف ديوى العشرى
رقم التصنيف 004.6
رقم الطبعة 21
100 1# - المدخل الرئيسى - إسم شخصى
الإسم الشخصى Hill, Brian.
9 (RLIN) 5971
245 10 - بيان العنوان
العنوان Cisco
بقية العنوان the complete reference /
بيان المسئوليه,etc Brian Hill.
260 ## - PUBLICATION, DISTRIBUTION, ETC. (IMPRINT)
مكان الناشر او الموزع Berkeley, Calif. ;
-- London
اسم الناشر او الموزع McGraw-Hill/Osborne,
تاريخ النشر أو التوزيع c2002.
300 ## - الوصف المادى
تفاصيل ماديه اخرى للوعاء ill. ;
أبعاد الوعاء 24 cm.
التعداد In
500 ## - تبصرة عامة
تبصرة عامة Co
610 ## - المدخل الاضافى بالموضوع-اسم هيئة
اسم الهيئة أو اسم السلطة كمدخل Cisco Systems, Inc
9 (RLIN) 5972
650 ## - المدخل الاضافى بالموضوع-مصطلح موضوعى
التقسيم الفرعي العام Design and construction.20
مصطلح موضوعي أو اسم جغرافي كعنصر مدخل Computer networks.
9 (RLIN) 5973
942 ## - عناصر المدخل الإضافي( كوها)
مصدر التصنيف او مخطط الترفيف Dewey Decimal Classification
Koha [default] item type كتاب
المقتنيات
حالة الفقد نموذج السعر الفعال حالة تلف ليس للاعارة رقم الطلب تاريخ الاكتساب الموقع الحالي الباركود الفرع الرئيسي Total Renewals Date last checked out Date last seen نوع المادة فى نظام كوها مصدر التصنيف او خطة الترفيف Total Checkouts
  2013-03-10     004.6 H B C 2011-11-01 المكتبة المركزية بالمجمعة (CL) 00048553 المكتبة المركزية بالمجمعة (CL) 1 2013-12-16 2014-03-11 كتاب Dewey Decimal Classification 1
  2013-03-10     004.6 H B C 2011-11-02 المكتبة المركزية بالمجمعة (CL) 00048551 المكتبة المركزية بالمجمعة (CL)     2013-03-10 كتاب Dewey Decimal Classification  
  2013-03-10     004.6 H B C 2011-11-02 المكتبة المركزية بالمجمعة (CL) 00048552 المكتبة المركزية بالمجمعة (CL)     2013-03-10 كتاب Dewey Decimal Classification